60 Second Blitz: Country/Capital per Letter Quiz Stats

 Plays Quiz Updated Apr 18, 2019

Support Sporcle.
Go Orange.
Score 0/48 Timer 01:00
1 Play Today
Country/Capital Beginning letter % Correct
Country✓A
89.8%
Country✓C
88.7%
Country✓B
86.9%
Country✓F
83.2%
Country✓G
81.7%
Country✓D
81.1%
Country✓I
80.3%
Country✓E
76.4%
Country✓M
70.2%
Country✓J
69.2%
Country✓H
67.7%
Country✓N
66.5%
Country✓L
66%
Country✓P
65.4%
Country✓S
64.7%
Country✓U
63.4%
Country✓K
60.9%
Country✓O
58.5%
Country✓Q
57.6%
Capital✓B
54.6%
Country✓R
54.5%
Country✓T
52.6%
Country✓V
47.4%
Country✓Y
47.2%
Country/Capital Beginning letter % Correct
Capital✓A
47%
Country✓Z
45.9%
Capital✓L
45.6%
Capital✓M
40%
Capital✓D
38.9%
Capital✓P
38.3%
Capital✓C
34%
Capital✓W
33%
Capital✓O
28.9%
Capital✓T
24.8%
Capital✓S
24.3%
Capital✓R
24%
Capital✓V
22.8%
Capital✓H
21.2%
Capital✓K
18.7%
Capital✓J
17.7%
Capital✓Z
14.4%
Capital✓Q
14.3%
Capital✓N
13.7%
Capital✓F
11.2%
Capital✓G
11.1%
Capital✓Y
10.3%
Capital✓I
9.4%
Capital✓U
5.6%

You're not logged in!

Compare scores with friends on all Sporcle quizzes.
OR
Log In

From the Vault

A to Z Blitz

by sproutcm

Don't go too fast, you just might cut yourself on the Z. Those things are sharp.
Remove Ads.
Support Sporcle.
Get the best of Sporcle when you Go Orange. This ad-free experience offers more features, more stats, and more fun while also helping to support Sporcle. Thank you for becoming a member.

Show Comments

Extras

Top Quizzes Today


Score Distribution

Your Account Isn't Verified!

In order to create a playlist on Sporcle, you need to verify the email address you used during registration. Go to your Sporcle Settings to finish the process.

Report this User

Report this user for behavior that violates our Community Guidelines.

Details: